|
|
|
|
| LEADER |
00000nam a2200000 a 4500 |
| 001 |
1/114674 |
| 008 |
170822s2001####gr | ||| |||| ||gre|| |
| 020 |
|
|
|a 9600418845
|
| 040 |
|
|
|a GR-MyUa
|b gre
|c GR-MyUa
|e AACR2
|
| 041 |
0 |
|
|a gre
|
| 082 |
7 |
|
|a 781.542
|2 (23)
|
| 100 |
1 |
|
|a Μυλωνάς, Κώστας.
|
| 245 |
1 |
2 |
|a Η μουσική στον ελληνικό κινηματογράφο /
|c Κώστας Μυλωνάς.
|
| 260 |
|
|
|a Αθήνα :
|b Κέδρος,
|c 2001.
|
| 300 |
|
|
|a 269 σ. ;
|c 24 εκ.
|
| 504 |
|
|
|a Περιλαμβάνει ευρετήριο.
|
| 650 |
|
0 |
|a Motion pictures and music
|z Greece.
|
| 852 |
|
|
|a INST
|b LEMNOS
|e 20220517
|h 781.542 ΜΥΛ
|p 005600003384
|q 005600003384
|t BK
|y 0
|
| 852 |
|
|
|a INST
|b LESVOS
|c EUDOXUS
|e 20170822
|h 781.542 ΜΥΛ
|p 005100059741
|q 005100059741
|t EDX
|y 0
|
| 920 |
|
|
|a Εύδοξος
|b Παραγγελία
|y Λέσβος-ΤΠΤΕ
|z 2017-05
|
| 970 |
|
|
|a Τζαφέρη
|b Ευαγγελία
|z 22-08-2017
|